Персонных дел мастер: роман

গ্রন্থ-পঞ্জীর বিবরন
প্রধান লেখক: Десятсков С. Г. Станислав Германович
ভাষা:রুশ
প্রকাশিত: Ленинград, Лениздат, 1986
বিষয়গুলি:
বিন্যাস: গ্রন্থ
KOHA link:https://koha.lib.tpu.ru/cgi-bin/koha/opac-detail.pl?biblionumber=313433

MARC

LEADER 00000nam0a2200000 4500
001 313433
005 20231102002600.0
035 |a (RuTPU)RU\TPU\book\338817 
090 |a 313433 
100 |a 20160126d1986 m y0rusy50 ca 
101 0 |a rus 
102 |a RU 
105 |a a z 000ay 
200 1 |a Персонных дел мастер  |e роман  |f С. Г. Десятсков 
210 |a Ленинград  |c Лениздат  |d 1986 
215 |a 494 с.  |c ил. 
606 1 |a Русская литература современная  |2 stltpush  |3 (RuTPU)RU\TPU\subj\26373  |9 50316 
610 1 |a художественная литература 
610 1 |a романы 
610 1 |a исторические романы 
610 1 |a Петровская эпоха 
610 1 |a петровские реформы 
675 |a Р2  |v 4 
700 1 |a Десятсков  |b С. Г.  |g Станислав Германович  |4 070 
801 1 |a RU  |b 63413507  |c 20160126 
801 2 |a RU  |b 63413507  |c 20201222  |g RCR 
942 |c BK